000 nam a22 7a 4500
999 _c153906
_d153904
005 20200128075622.0
008 200128b mx ||||| |||| 00| 0 spa d
020 _a9685826056
050 0 4 _aPA8538.C3
_bI88 1979
100 1 _aIturriaga, José Mariano de,
_e1717-1787
110 _aUniversidad Nacional Autónoma de México. Instituto de Investigaciones Filológicas
245 1 3 _aLa californiada /
_cJosé Mariano de Iturriaga
250 _a1a edición
260 _aMéxico :
_bUniversidad Nacional Autónoma de México,
_c1979.
300 _a93 p. ;
_c21 cm.
490 0 _aCuadernos del Centro de Estudios Clásicos,
_vNo 7
650 4 _aBaja California
_xPoesia
942 _2lcc
_cLIB